00366cam a22001217a 4500008004000000082001800040100001600058245006600074260004400140300001000184650002600194700002400220180718b1986 xxu||||| |||| 00| 0 eng d aA99 1512 m725 aMohan, Hari aIndira aur Vigyancby Hari Mohan edited by Shyam Kumar Sharma aRajnagarbBhagirath Seva Sansthanc1986 a112p. aIndira-Addvertisement aSharma, Shyam Kumar